| 000 | 00598nam a2200229Ia 4500 | ||
|---|---|---|---|
| 003 | OSt | ||
| 005 | 20230525105149.0 | ||
| 008 | 210423s2009 xx 000 0 und d | ||
| 020 | _a978-0-7020-2934-9 | ||
| 040 | _cAL | ||
| 041 | _aeng | ||
| 082 |
_a615.321 _223 _bEVAT |
||
| 100 |
_aEVANS (William Charles) _9113578 |
||
| 245 | _aTrease and Evans pharmacognosy Ed 16 | ||
| 250 | _a16 | ||
| 260 |
_aEdinburgh _bElsevier _c2009 |
||
| 300 |
_aix,603 _bHB |
||
| 365 |
_b9017.1 _cUSD |
||
| 650 |
_aPharmacology _9113579 |
||
| 906 | _a16 ; Ed ; Evans ; pharmacognosy ; Trease | ||
| 942 |
_2ddc _cBK |
||
| 999 |
_c167295 _d167295 |
||